La institución administrativa electoral nacional (Record no. 151920)
[ view plain ]
| 000 -LEADER | |
|---|---|
| fixed length control field | nam a22 7a 4500 |
| 005 - DATE AND TIME OF LATEST TRANSACTION | |
| control field | 20191010092329.0 |
| 008 - FIXED-LENGTH DATA ELEMENTS--GENERAL INFORMATION | |
| fixed length control field | 191010b mx ||||| |||| 00| 0 spa d |
| 020 ## - INTERNATIONAL STANDARD BOOK NUMBER | |
| International Standard Book Number | 6078454544 |
| 050 04 - LIBRARY OF CONGRESS CALL NUMBER | |
| Classification number | KGF3053 |
| Item number | G66 2018 |
| 100 1# - MAIN ENTRY--PERSONAL NAME | |
| Personal name | González Galván, Miguel |
| 245 13 - TITLE STATEMENT | |
| Title | La institución administrativa electoral nacional |
| Remainder of title | : su diseño y desarrollo institucional (1990-2018) |
| Statement of responsibility, etc | / Miguel González Galván |
| 246 34 - VARYING FORM OF TITLE | |
| Title proper/short title | La institución administrativa electoral nacional |
| Remainder of title | : su diseño y desarrollo institucional |
| 250 ## - EDITION STATEMENT | |
| Edition statement | 1a ed. |
| 260 ## - PUBLICATION, DISTRIBUTION, ETC. (IMPRINT) | |
| Place of publication, distribution, etc | México : |
| Name of publisher, distributor, etc | Publicaciones Administrativas Contables Jurídicas, |
| Date of publication, distribution, etc | 2018 |
| 300 ## - PHYSICAL DESCRIPTION | |
| Extent | 717 p. ; |
| Dimensions | 21 cm. |
| 504 ## - BIBLIOGRAPHY, ETC. NOTE | |
| Bibliography, etc | Bibliografía : p. 679-717 |
| 610 2# - SUBJECT ADDED ENTRY--CORPORATE NAME | |
| Corporate name or jurisdiction name as entry element | Instituto Nacional Electoral (México) |
| General subdivision | Organización |
| 610 2# - SUBJECT ADDED ENTRY--CORPORATE NAME | |
| Corporate name or jurisdiction name as entry element | Instituto Nacional Electoral (México) |
| General subdivision | Historia |
| Chronological subdivision | 1990-2018 |
| 650 #7 - SUBJECT ADDED ENTRY--TOPICAL TERM | |
| Source of heading or term | lemb |
| Topical term or geographic name as entry element | Elecciones |
| General subdivision | Legislación |
| Geographic subdivision | México |
| 651 #7 - SUBJECT ADDED ENTRY--GEOGRAPHIC NAME | |
| Source of heading or term | lemb |
| Geographic name | México |
| General subdivision | Elecciones |
| -- | Reformas constitucionales |
| 942 ## - ADDED ENTRY ELEMENTS (KOHA) | |
| Source of classification or shelving scheme | Biblioteca del Cogreso de los Estados Unidos |
| Koha item type | Libro |
| Estado de pérdida | Fuente de clasificación | Estado del daño | No para préstamo | Ubicación permanente | Ubicación actual | Apartado o colección | Fecha de adquisición | Fuente de adquisición | Edición | Área del conocimiento | Clasificación | Código de Barras | Date last seen | Número de copia | Costo por reposición | Tipo de recurso |
|---|---|---|---|---|---|---|---|---|---|---|---|---|---|---|---|---|
| Biblioteca del Cogreso de los Estados Unidos | Biblioteca del Colegio de San Nicolás | Biblioteca del Colegio de San Nicolás | General | 10/10/2019 | Donación | 1a ed. | Ciencias Sociales y Administrativas | KGF3053 G66 2018 | BPCS000003318 | 10/10/2019 | 1 | 1.00 | Libro | |||
| Biblioteca del Cogreso de los Estados Unidos | Biblioteca del Colegio de San Nicolás | Biblioteca del Colegio de San Nicolás | General | 10/10/2019 | Donación | 1a ed. | Ciencias Sociales y Administrativas | KGF3053 G66 2018 | BPCS000003319 | 10/10/2019 | 2 | 1.00 | Libro |